PRÍPRAVA TKANIVOVÝCH KULTÚR Z PLAZOV

Bibliographic Details
Main Author: Somogyiová, Jarmila (Author)
Format: Article
Language:Slovak

MARC

LEADER 00000nab a2200000uu 4500
001 vtls011439954
003 SK-MaSNL
005 20260303123154.0
008 230213|1964 xo |||||||||||||||||slo|
015 |a SNBRB 
035 |a (urnnbn)urn:nbn:sk:snk:ar-002xi9 
035 |a (uuid)def2e373-2126-4d01-8461-25e3a8e4fece 
035 |a urn:nbn:sk:snk-abcejd 
040 |a SNKBUCL  |b slo  |c SNKBUCL  |e AACR2 
041 0 |a slo 
044 |a xo  |c SK 
100 1 |a Somogyiová, Jarmila  |4 aut  |9 1138847 
245 1 0 |a PRÍPRAVA TKANIVOVÝCH KULTÚR Z PLAZOV  |c Jarmila Somogyiová 
773 0 |t Biológia : časopis Slovenskej akadémie vied  |g Roč. 19, č. 4 (1964), s. 257-262 
954 |a odborná, vedecká literatúra pôvodná (slovenská)  |2 lita 
958 |a OND 
958 |a EUIPO 
958 |a article16 
999 |c 1923939  |d 1925869